| 000 | 01017nam a2200217Ia 4500 | ||
|---|---|---|---|
| 003 | Ost | ||
| 005 | 20260507075508.0 | ||
| 008 | 260507s9999||||xx |||||||||||||| ||und|| | ||
| 020 | _a9789953713908 | ||
| 040 | _cfsecg | ||
| 041 | _aara | ||
| 082 | _a330 | ||
| 100 |
_aرزق، عبد الله _eمؤلف |
||
| 245 | 0 |
_aاقتصادات ناشئة في العالم:نماذج تنموية لافتة / _c عبد الله رزق |
|
| 260 |
_aبيروت: _bدار الفارابي, _c2009 |
||
| 300 |
_a311 صفحة؛ _bإيضاحات ؛ _c24 سم |
||
| 504 | _aببليوغرافيا:ص ص.303-308 | ||
| 520 | _aالاقتصادات الناشئة تصنيف،دور وامكانات،أوروبا الوسطى والشرقية،بين النمو المستدام و(مثلث العجز)،أكبر اقتصادات الأعضاء الجدد في الإتحاد الأوروبي،شباب اقتصادي وشيخوخة مجتمعية وهجرة متزايدة | ||
| 653 | _aالاقتصاد | ||
| 942 | _cكتاب | ||
| 999 |
_c44723 _d44723 |
||